Le top 10 des applications les plus téléchargées dans le monde en 2023 - Statistiques

Statistiques générales
  • Ce quiz a été pris 415 fois
  • Le résultat moyen est 7 sur 10
Statistiques - réponses
Classement Applications Types % Correct
2 Instagram Réseau social
98%
1 Tiktok Réseau social
96%
6 Snapchat Réseau social
92%
3 Facebook Réseau social
90%
10 Spotify Musique
87%
4 Whatsapp Réseau social
66%
5 CapCut Montage vidéo
61%
8 Facebook Messenger Réseau social
48%
7 Telegram Réseau social
35%
9 Whatsapp business Réseau social
2%
Aucun quiz correspondant
Distribution des résultats
% des personnes avec chaque résultat
Percentile par nombre de réponses
Votre historique - résultats
Vous n’avez pas pris ce quiz